Výrobní stroje, automatizace a robotizace ve strojírenství : Sborník přednášek. Sekce 4. Technologie obrábění a tváření. Mezinárodní kongres. /
Saved in:
| Format: | Book |
|---|---|
| Published: |
Praha :
České vysoké učení technické v Praze,
2000
|
| Subjects: | |
| Tags: |
No Tags, Be the first to tag this record!
|
MARC
| LEADER | 00000nam a22000003a 4500 | ||
|---|---|---|---|
| 001 | stu54525 | ||
| 005 | 20150408175840.6 | ||
| 008 | 000629s2000----xr----------------------d | ||
| 020 | |a 80-238-5540-9 | ||
| 040 | |a STU |b slo | ||
| 041 | 0 | ||
| 044 | |a xr | ||
| 080 | |a 621.9+621.7(082) | ||
| 245 | |a Výrobní stroje, automatizace a robotizace ve strojírenství : |b Sborník přednášek. Sekce 4. Technologie obrábění a tváření. Mezinárodní kongres. / |c Praha, 20.-22.6.2000 | ||
| 260 | |a Praha : |b České vysoké učení technické v Praze, |c 2000 | ||
| 300 | |a 215 s | ||
| 650 | 7 | |a obrábanie |2 stusub | |
| 650 | 7 | |a tvárnenie |2 stusub | |
| 996 | |b 284M029766 |c M*Z-1676 |l MMKN |s A |a 24 |w stu54525_0001 | ||
| 996 | |b 284M010431 |c M*Z-1665 |l MMKN |s A |a 24 |w stu54525_0002 | ||
| 996 | |b 284M010430 |c M*Z-1671 |l MMKN |s A |a 24 |w stu54525_0003 | ||